Every Terraria Weapon - Statistics

General Stats
  • This quiz has been taken 64 times
  • The average score is 183 of 437
Answer Stats
Type Hardmode? Answer % Correct
Sword No Copper Shortsword
79%
Grenade No Grenade
79%
Sword No Night's Edge
79%
Sword Yes Terra Blade
79%
Melee Other Yes Zenith
79%
Explosive No Bomb
76%
Sword Yes Excalibur
76%
Gun Yes Megashark
76%
Sword Yes Meowmere
76%
Sword No Tin Shortsword
76%
Magic Gun No Bee Gun
74%
Gun No Minishark
74%
Sword No Starfury
74%
Sword Yes Star Wrath
74%
Sword Yes True Excalibur
74%
Sword Yes True Night's Edge
74%
Yoyo No Wooden Yoyo
74%
Sword No Iron Shortsword
71%
Sword No Lead Shortsword
71%
Explosive No Sticky Bomb
71%
Sword No Volcano
71%
Bow/Repeater No Wooden Bow
71%
Sword No Wooden Sword
71%
Bow/Repeater Yes Adamantite Repeater
68%
Sword No Bee Keeper
68%
Bow/Repeater No Copper Bow
68%
Explosive No Dynamite
68%
Wand No Emerald Staff
68%
Boomerang No Enchanted Boomerang
68%
Bow/Repeater No Gold Bow
68%
Sword No Gold Shortsword
68%
Minion-Summon No Imp Staff
68%
Magic Gun No Space Gun
68%
Bow/Repeater No Tin Bow
68%
Sword Yes Adamantite Sword
65%
Wand No Amethyst Staff
65%
Sword No Blade of Grass
65%
Sword No Copper Broadsword
65%
Minion-Summon No Flinx Staff
65%
Sword No Gold Broadsword
65%
Bow/Repeater No Iron Bow
65%
Sword No Iron Broadsword
65%
Bow/Repeater No Lead Bow
65%
Sword No Light's Bane
65%
Flail (Thrown) No Mace
65%
Sword No Muramasa
65%
Gun No Musket
65%
Bow/Repeater No Platinum Bow
65%
Wand No Ruby Staff
65%
Gun Yes Shotgun
65%
Consumable No Shuriken
65%
Minion-Summon No Slime Staff
65%
Minion-Summon Yes Spider Staff
65%
Yoyo Yes Terrarian
65%
Spell Book No Water Bolt
65%
Magic Gun Yes Bubble Gun
62%
Bow/Repeater Yes Cobalt Repeater
62%
Sword Yes Cobalt Sword
62%
Wand No Diamond Staff
62%
Sword No Enchanted Sword
62%
Spell Book Yes Golden Shower
62%
Gun No Handgun
62%
Sword No Ice Blade
62%
Sword Yes Mythril Sword
62%
Gun Yes Onyx Blaster
62%
Sword No Platinum Broadsword
62%
Sword No Platinum Shortsword
62%
Spell Book Yes Razorblade Typhoon
62%
Launcher Yes Rocket Launcher
62%
Wand No Sapphire Staff
62%
Bow/Repeater No Silver Bow
62%
Spear No Spear
62%
Minion-Summon Yes Stardust Dragon Staff
62%
Flail (Thrown) No Sunfury
62%
Consumable No Throwing Knife
62%
Sword No Tin Broadsword
62%
Wand No Topaz Staff
62%
Wand No Wand of Sparking
62%
Flail (Thrown) No Ball O' Hurt
59%
Flail (Thrown) No Blue Moon
59%
Gun No Boomstick
59%
Placeable Yes Cannon
59%
Spell Book No Demon Scythe
59%
Minion-Summon No Finch Staff
59%
Ranged Other Yes Flamethrower
59%
Flail (Thrown) No Flaming Mace
59%
Sword Yes Influx Waver
59%
Magic Gun Yes Laser Rifle
59%
Sword No Lead Broadsword
59%
Bow/Repeater Yes Mythril Repeater
59%
Sword Yes Orichalcum Sword
59%
Sword Yes Palladium Sword
59%
Sword Yes Seedler
59%
Gun Yes Sniper Rifle
59%
Sword Yes Titanium Sword
59%
Melee Other Yes Vampire Knives
59%
Wand No Vilethorn
59%
Boomerang No Wooden Boomerang
59%
Wand No Amber Staff
56%
Grenade No Beenade
56%
Sword No Blood Butcherer
56%
Yoyo No Code 1
56%
Yoyo Yes Code 2
56%
Magic Other No Crimson Rod
56%
Bow/Repeater Yes Daedalus Stormbow
56%
Flail (Thrown) Yes Dao of Pow
56%
Melee Other Yes Daybreak
56%
Ranged Other Yes Elf Melter
56%
Whip Yes Firecracker
56%
Bow/Repeater Yes Hallowed Repeater
56%
Minion-Summon No Hornet Staff
56%
Bow/Repeater Yes Palladium Repeater
56%
Sword Yes Pearlwood Sword
56%
Minion-Summon Yes Pirate Staff
56%
Melee Other Yes Scourge of the Corruptor
56%
Sentry-Summon Yes Staff of the Frost Hydra
56%
Ranged Other No Star Cannon
56%
Minion-Summon Yes Stardust Cell Staff
56%
Yoyo Yes The Eye of Cthulhu
56%
Gun No The Undertaker
56%
Bow/Repeater Yes Titanium Repeater
56%
Bow/Repeater Yes Tsunami
56%
Bow/Repeater No Tungsten Bow
56%
Consumable No Bone
53%
Wand No Flower of Fire
53%
Flail (Launched) Yes Golem Fist
53%
Magic Other Yes Last Prism
53%
Whip No Leather Whip
53%
Magic Other Yes Nimbus Rod
53%
Bow/Repeater Yes Orichalcum Repeater
53%
Bow/Repeater Yes Phantasm
53%
Gun No Phoenix Blaster
53%
Boomerang Yes Possessed Hatchet
53%
Gun Yes S.D.M.G.
53%
Sword No Silver Broadsword
53%
Sword No Silver Shortsword
53%
Melee Other Yes Solar Eruption
53%
Bow/Repeater No The Bee's Knees
53%
Sword No Tungsten Broadsword
53%
Sword No Tungsten Shortsword
53%
Gun Yes Vortex Beater
53%
Yoyo Yes Amarok
50%
Yoyo No Amazon
50%
Boomerang Yes Bananarang
50%
Sword No Boreal Wood Sword
50%
Sword Yes Breaker Blade
50%
Gun Yes Chain Gun
50%
Wand Yes Crystal Serpent
50%
Spell Book Yes Crystal Storm
50%
Spear No Dark Lance
50%
Ranged Other Yes Dart Rifle
50%
Minion-Summon Yes Desert Tiger Staff
50%
Flail (Launched) Yes Flairon
50%
Wand No Flamelash
50%
Wand Yes Flower of Frost
50%
Spear Yes Gungnir
50%
Boomerang Yes Light Disc
50%
Wand No Magic Missile
50%
Minion-Summon Yes Optic Staff
50%
Bow/Repeater Yes Pearlwood Bow
50%
Minion-Summon Yes Pygmy Staff
50%
Consumable No Snowball
50%
Yoyo Yes Yelets
50%
Spear Yes Adamantite Glaive
47%
Sentry-Summon Yes Ballista Staff
47%
Ranged Other No Blowpipe
47%
Spell Book No Book of Skulls
47%
Bow/Repeater No Boreal Wood Bow
47%
Explosive No Bouncy Bomb
47%
Sword Yes Chlorophyte Claymore
47%
Bow/Repeater Yes Chlorophyte Shotbow
47%
Sword Yes Christmas Tree Sword
47%
Gun Yes Clockwork Assault Rifle
47%
Spell Book Yes Cursed Flames
47%
Sword Yes Cutlass
47%
Ranged Other Yes Dart Pistol
47%
Sword Yes Death Sickle
47%
Bow/Repeater No Ebonwood Bow
47%
Sword No Ebonwood Sword
47%
Launcher Yes Grenade Launcher
47%
Magic Gun Yes Heat Ray
47%
Boomerang No Ice Boomerang
47%
Sword No Katana
47%
Spear Yes North Pole
47%
Boomerang Yes Paladin's Hammer
47%
Ranged Other Yes Piranha Gun
47%
Magic Gun Yes Rainbow Gun
47%
Wand Yes Razorpine
47%
Melee Other Yes Shadowflame Knife
47%
Grenade No Sticky Grenade
47%
Sword Yes The Horseman's Blade
47%
Wand No Aqua Scepter
44%
Sword No Ash Wood Sword
44%
Minion-Summon Yes Blade Staff
44%
Sword No Bone Sword
44%
Gun Yes Candy Corn Rifle
44%
Launcher Yes Celebration
44%
Launcher Yes Celebration Mk2
44%
Gun Yes Coin Gun
44%
Sword Yes Frostbrand
44%
Whip Yes Kaleidoscope
44%
Spell Book Yes Lunar Flare
44%
Magic Other Yes Magic Dagger
44%
Magic Other Yes Nebula Arcanum
44%
Magic Other Yes Nebula Blaze
44%
Magic Gun Yes Orange Zapinator
44%
Sword No Palm Wood Sword
44%
Sentry-Summon Yes Queen Spider Staff
44%
Bow/Repeater Yes Shadowflame Bow
44%
Whip No Snapthorn
44%
Ranged Other No Snowball Cannon
44%
Explosive No Sticky Dynamite
44%
Gun Yes Tactical Shotgun
44%
Minion-Summon Yes Terraprisma
44%
Spear No Trident
44%
Wand No Wand of Frosting
44%
Magic Gun Yes Wasp Gun
44%
Explosive No Bouncy Dynamite
41%
Bow/Repeater No Demon Bow
41%
Gun No Flintlock Pistol
41%
Flail (Thrown) Yes Flower Pow
41%
Boomerang Yes Flying Knife
41%
Yoyo Yes Hel-Fire
41%
Bow/Repeater No Hellwing Bow
41%
Sword Yes Keybrand
41%
Sentry-Summon Yes Lunar Portal Staff
41%
Whip Yes Morning Star
41%
Bow/Repeater No Palm Wood Bow
41%
Sword No Shadewood Sword
41%
Magic Other Yes Shadowflame Hex Doll
41%
Boomerang No Shroomerang
41%
Magic Other Yes Toxic Flask
41%
Minion-Summon No Vampire Frog Staff
41%
Bow/Repeater No Ash Wood Bow
38%
Sentry-Summon No Ballista Rod
38%
Sword Yes Bladetongue
38%
Grenade No Bouncy Grenade
38%
Yoyo No Cascade
38%
Yoyo Yes Chik
38%
Sword Yes Chlorophyte Saber
38%
Whip Yes Dark Harvest
38%
Minion-Summon Yes Deadly Sphere Staff
38%
Whip Yes Durendal
38%
Bow/Repeater Yes Ice Bow
38%
Yoyo Yes Kraken
38%
Wand Yes Rainbow Rod
38%
Yoyo No Rally
38%
Minion-Summon Yes Raven Staff
38%
Sword No Rich Mahogany Sword
38%
Bow/Repeater No Shadewood Bow
38%
Wand Yes Shadowbeam Staff
38%
Launcher Yes Snowman Cannon
38%
Consumable No Spiky Ball
38%
Whip No Spinal Tap
38%
Minion-Summon Yes Tempest Staff
38%
Flail (Thrown) No The Meatball
38%
Sword No Umbrella
38%
Gun Yes Xenopopper
38%
Sword No Cactus Sword
35%
Flail (Thrown) Yes Drippler Crippler
35%
Magic Gun No Gray Zapinator
35%
Sword Yes Ice Sickle
35%
Consumable No Javelin
35%
Flail (Launched) Yes KO Cannon
35%
Spell Book Yes Magnet Sphere
35%
Wand Yes Meteor Staff
35%
Bow/Repeater No Molten Fury
35%
Spear Yes Mushroom Spear
35%
Wand Yes Poison Staff
35%
Launcher Yes Proximity Mine Launcher
35%
Bow/Repeater No Rich Mahogany Bow
35%
Ranged Other No Sandgun
35%
Wand Yes Sky Fracture
35%
Bow/Repeater Yes Stake Launcher
35%
Spear No The Rotted Fork
35%
Minion-Summon No Abigail's Flower
32%
Yoyo No Artery
32%
Wand Yes Betsy's Wrath
32%
Ranged Other No Blowgun
32%
Placeable Yes Bunny Cannon
32%
Sword No Candy Cane Sword
32%
Magic Other Yes Clinger Staff
32%
Bow/Repeater Yes Eventide
32%
Sentry-Summon Yes Explosive Trap Staff
32%
Boomerang No Flamarang
32%
Sentry-Summon Yes Flameburst Staff
32%
Ranged Other No Harpoon
32%
Launcher Yes Nail Gun
32%
Sword Yes Phasesaber
32%
Sentry-Summon Yes Rainbow Crystal Staff
32%
Spear No Swordfish
32%
Boomerang No Thorn Chakram
32%
Spear Yes Titanium Trident
32%
Gun Yes Uzi
32%
Minion-Summon Yes Xeno Staff
32%
Sentry-Summon Yes Ballista Cane
29%
Sword Yes Beam Sword
29%
Wand Yes Blizzard Staff
29%
Bow/Repeater No Blood Rain Bow
29%
Flail (Launched) No Chain Knife
29%
Spear Yes Cobalt Naginata
29%
Whip Yes Cool Whip
29%
Wand Yes Crystal Vile Shard
29%
Sword No Falcon Blade
29%
Sentry-Summon No Flameburst Rod
29%
Ranged Other No Flare Gun
29%
Wand Yes Frost Staff
29%
Magic Other Yes Ice Rod
29%
Wand Yes Inferno Fork
29%
Magic Gun Yes Laser Machinegun
29%
Bow/Repeater Yes Marrow
29%
Magic Other Yes Medusa Head
29%
Spear Yes Mythril Halberd
29%
Ranged Other No Paintball Gun
29%
Sword No Phaseblade
29%
Bow/Repeater Yes Pulse Bow
29%
Gun No Revolver
29%
Wand Yes Staff of Earth
29%
Melee Other Yes Starlight
29%
Bow/Repeater No Tendon Bow
29%
Melee Other No Terragrim
29%
Ranged Other Yes Toxikarp
29%
Boomerang No Trimarang
29%
Wand Yes Venom Staff
29%
Bow/Repeater Yes Aerial Bane
26%
Ranged Other No Ale Tosser
26%
Flail (Launched) Yes Anchor
26%
Melee Other Yes Arkhalis
26%
Wand Yes Bat Scepter
26%
Sword No Bladed Glove
26%
Consumable No Bone Javelin
26%
Spear Yes Chlorophyte Partisan
26%
Explosive No Dirt Bomb
26%
Sentry-Summon No Explosive Trap Rod
26%
Sword Yes Fetid Baghnakhs
26%
Sword No Flymeal
26%
Launcher Yes Jack 'O Lantern Launcher
26%
Sentry-Summon No Lightning Aura Rod
26%
Sentry-Summon Yes Lightning Aura Staff
26%
Consumable No Molotov Cocktail
26%
Wand Yes Nettle Burst
26%
Magic Other Yes Nightglow
26%
Spear Yes Obsidian Swordfish
26%
Sword Yes Psycho Knife
26%
Sword No Purple Clubberfish
26%
Wand Yes Spectre Staff
26%
Wand No Thunder Zapper
26%
Wand Yes Tome of Infinite Wisdom
26%
Gun Yes Venus Magnum
26%
Magic Gun Yes Zapinator
26%
Sword No Bat Bat
24%
Magic Other Yes Blood Thorn
24%
Flail (Launched) Yes Chain Guillotines
24%
Magic Gun Yes Charged Blaster Cannon
24%
Sentry-Summon Yes Explosive Trap Cane
24%
Sentry-Summon Yes Flameburst Cane
24%
Sword No Gladius
24%
Yoyo No Hive-Five
24%
Magic Gun Yes Leaf Blower
24%
Wand Yes Life Drain
24%
Sentry-Summon Yes Lightning Aura Cane
24%
Spear Yes Orichalcum Halberd
24%
Gun No Quad-Barrel Shotgun
24%
Gun No Red Ryder
24%
Sword No Ruler
24%
Minion-Summon Yes Sanguine Staff
24%
Explosive No Scarab Bomb
24%
Melee Other Yes Sleepy Octopod
24%
Magic Other Yes Stellar Tune
24%
Spear No Storm Spear
24%
Sword No Stylish Scissors
24%
Yoyo No Valor
24%
Sword No Zombie Arm
24%
Consumable No Bone Throwing Knife
21%
Sword Yes Brand of the Inferno
21%
Sword No Breathing Reed
21%
Sword Yes Classy Cane
21%
Launcher Yes Electrosphere Launcher
21%
Sword Yes Flying Dragon
21%
Consumable No Frost Daggerfish
21%
Yoyo Yes Gradient
21%
Explosive No Holy Hand Grenade
21%
Other No Holy Water
21%
Yoyo No Malaise
21%
Sword No Mandible Blade
21%
Spear Yes Palladium Pike
21%
Consumable No Poisoned Knife
21%
Yoyo Yes Red's Throw
21%
Placeable No Snowball Launcher
21%
Magic Other Yes Spirit Flame
21%
Launcher Yes Stynger
21%
Ranged Other Yes Super Star Shooter
21%
Wand No Weather Pain
21%
Other No Blood Water
18%
Boomerang No Combat Wrench
18%
Sentry-Summon No Houndius Shootius
18%
Placeable Yes Land Mine
18%
Magic Other Yes Magical Harp
18%
Bow/Repeater Yes Phantom Phoenix
18%
Boomerang Yes Sergeant United Shield
18%
Melee Other Yes Sky Dragon's Fury
18%
Sword Yes Slap Hand
18%
Sword No Tentacle Spike
18%
Sword Yes Tizona
18%
Wand Yes Unholy Trident
18%
Explosive No Wet Bomb
18%
Explosive No Dry Bomb
15%
Yoyo Yes Format:C
15%
Spear Yes Ghastly Glaive
15%
Melee Other Yes Jousting Lance
15%
Consumable No Paper Airplane
15%
Consumable No Rotten Egg
15%
Explosive No Sticky Dirt Bomb
15%
Sword No Tragic Umbrella
15%
Other No Unholy Water
15%
Yoyo Yes Valkyrie Yoyo
15%
Explosive No Bomb Fish
12%
Ranged Other No Egg Cannon
12%
Sword No Exotic Scimitar
12%
Boomerang No Fruitcake Chakram
12%
Gun Yes Gatligator
12%
Sword Yes Ham Bat
12%
Explosive No Honey Bomb
12%
Explosive No Lava Bomb
12%
Gun No Pew-matic Horn
12%
Wand Yes Resonance Scepter
12%
Magic Gun No Roman Candle
12%
Melee Other Yes Shadow Jousting Lance
12%
Consumable No Star Anise
12%
Spear Yes Tonbogiri
12%
Bow/Repeater Yes Vulcan Repeater
12%
Melee Other Yes Hallowed Jousting Lance
9%
Grenade No Happy Grenade
9%
Bow/Repeater No Sharanga
6%
Boomerang No Bloody Mechete
3%
Sword Yes Waffle's Iron
3%
Consumable No White Paper Airplane
3%
No matching quizzes found
Score Distribution
Percent of People with Each Score
Percentile by Number Answered
Your Score History
You have not taken this quiz